banner-ar

رياضيات الخوارزمى تاسيس علم الجبر / (Record no. 59838)

MARC details
000 -الفاتح
حقل البيانات ثابتة الطول 01005nam a22002777a 4500
005 - وقت وتاريخ اخر تعامل مع التسجيلة
رقم الضبط 20240530110339.0
008 - عناصر البيانات ثابتة الطول - معلومات عامة
حقل البيانات ثابتة الطول 141027s2010 ua gr 001 0dara d
020 ## - الرقم الدولى المعيارى للكتب
الرقم الدولى المعيارى للكتاب 9789953823133
040 ## - مصدر الفهرسة
وكالة الفهرسة الأصلية EG-CaGPL
082 40 - رقم تصنيف ديوى العشرى
رقم الطبعة 21
رقم التصنيف 512.9\
رقم المادة ر ر
100 0# - المدخل الرئيسى - إسم شخصى
الإسم الشخصى رشدى راشد
245 10 - بيان العنوان
العنوان رياضيات الخوارزمى تاسيس علم الجبر /
بيان المسئوليه,etc رشدى راشد ؛ ترجمة نقولا فارس
250 ## - بيان الطبعة
بيان الطبعة ط1
260 ## - PUBLICATION, DISTRIBUTION, ETC. (IMPRINT)
تاريخ النشر أو التوزيع 2010
300 ## - الوصف المادى
التعداد 416 ص ؛
أبعاد الوعاء 24 سم
490 ## - بيان السلسلة
عنوان السلسلة سلسلة تاريخ العلوم عند العرب ؛
رقم المجلد/ التعيين التسلسلي 406
650 40 - المدخل الاضافى بالموضوع-مصطلح موضوعى
مصطلح موضوعي الجبر
650 40 - المدخل الاضافى بالموضوع-مصطلح موضوعى
مصطلح موضوعي الاحتمالات
650 40 - المدخل الاضافى بالموضوع-مصطلح موضوعى
مصطلح موضوعي الاعداد
التقسيم الفرعي العام نظرية
650 40 - المدخل الاضافى بالموضوع-مصطلح موضوعى
مصطلح موضوعي التحليل الرياضى
650 40 - المدخل الاضافى بالموضوع-مصطلح موضوعى
مصطلح موضوعي التبادل والتوافق
650 40 - المدخل الاضافى بالموضوع-مصطلح موضوعى
مصطلح موضوعي الجبر التعليمى
700 0# - المدخل الاضافى - اسم شخصى
الإسم الشخصى نقولا فارس
942 ## - عناصر المدخل الإضافي( كوها)
مصدر التصنيف او مخطط الترفيف Dewey Decimal Classification
Koha [default] item type كتاب
260 ## - PUBLICATION, DISTRIBUTION, ETC. (IMPRINT)
-- بيروت :
-- مركز دراسات الوحدة العربية ،
Holdings
حالة التراجع حالة الفقد حالة تلف ليس للاعارة المكان المؤقت الموقع الحالى تاريخ الاكتساب اجمالي اﻻعارات رقم الطلب الباركود تاريخ اخر مشاهدة تاريخ تفعيل السعر نوع وعاء كوها
        مكتبة القاهرة الكبرى مكتبة القاهرة الكبرى 10/27/2014   512.9\ ر ر 158794 10/27/2014 10/27/2014 كتاب

Powered By

EGPV